|
|
|
|
| LEADER |
00838nam a2200265 4500 |
| 001 |
DLU100111480 |
| 005 |
##20100909 |
| 040 |
# |
# |
|a DLU
|b vie
|
| 041 |
# |
# |
|a vie
|
| 044 |
# |
# |
|a vn
|
| 100 |
# |
# |
|a Nguyễn Huy Cương,
|c ThS.
|
| 245 |
# |
# |
|a Sửa đổi của khuyến nghị về mẫu bức xạ sử dụng cho phối hợp và đánh giá nhiễu /
|c Nguyễn Huy Cương.
|
| 653 |
# |
# |
|a Anten
|
| 653 |
# |
# |
|a Bức xạ
|
| 653 |
# |
# |
|a Truyền thông
|
| 773 |
# |
# |
|t Tạp chí Công nghệ thông tin và truyền thông
|g Số 7,kỳ 1, 2008, tr. 32-34
|
| 920 |
# |
# |
|a Phòng Tạp chí -- Trung tâm Thông tin - Thư viện Trường Đại học Đà Lạt
|
| 994 |
# |
# |
|a DLU
|
| 900 |
# |
# |
|a True
|
| 911 |
# |
# |
|a Nguyễn Thị Linh Chi
|
| 925 |
# |
# |
|a G
|
| 926 |
# |
# |
|a A
|
| 927 |
# |
# |
|a BB
|
| 980 |
# |
# |
|a Thư viện Trường Đại học Đà Lạt
|